| 000 | 00603nam a2200205Ia 4500 | ||
|---|---|---|---|
| 999 |
_c37574 _d37574 |
||
| 001 | 3544 | ||
| 003 | GE_BSU | ||
| 005 | 20190621182627.0 | ||
| 008 | 181216s2010||||ge |||||||||||||| ||geo|| | ||
| 040 | _cGE_BSU | ||
| 041 | _ageo | ||
| 080 | _a51 ქ-60 | ||
| 100 |
_aქობულაძე, ნატო _92757 |
||
| 245 |
_aრიცხვების ალბომი. _c |
||
| 264 |
_aქუთაისი, _c2010. |
||
| 300 |
_a12 გვ. : _bილ. ; _c20 სმ. |
||
| 653 | _aრიცხვების ალბომი | ||
| 653 | _aმათემატიკა | ||
| 942 |
_cBK _2udc |
||